[Event "Brasschaat op 18th"]
[Site "Brasschaat"]
[Date "2018.08.20"]
[Round "3"]
[White "De Cuyper, Yago"]
[Black "Vande Ginste, Michiel"]
[Result "0-1"]
[WhiteElo "1749"]
[BlackElo "1762"]
[PlyCount "92"]
[EventDate "2018.08.18"]
[EventType "swiss"]
[EventRounds "9"]
[EventCountry "BEL"]
[SourceTitle "CBM 186 Extra"]
[Source "ChessBase"]
[SourceDate "2018.08.24"]
[SourceVersion "1"]
[SourceVersionDate "2018.08.24"]
[SourceQuality "1"]

1. d4 Nf6 2. c4 e6 3. g3 c5 4. Nf3 b6 5. Bg2 Bb7 6. d5 exd5 7. Nh4 d6 8. Nc3 Nbd7 9. 0-0 g6 10. Bf4 Ne5 11. Nxd5 Nxd5 12. Bxd5 Qc7 13. Qd2 Bg7 14. Rad1 0-0 15. b3 Rfd8 16. Bg5 Rd7 17. Qf4 Re8 18. Bf6 Bf8 19. f3 a6 20. e4 Bxd5 21. Rxd5 h6 22. Qd2 Re6 23. Bxe5 Rxe5 24. Ng2 Rxd5 25. Qxd5 Bg7 26. Nf4 Bd4+ 27. Kg2 Kh7 28. Ne2 Bg7 29. Rd1 b5 30. Rb1 Qa5 31. Qd3 Qxa2 32. Kh3 Qa5 33. f4 Rd8 34. Rd1 Bf6 35. f5 g5 36. g4 bxc4 37. Qxc4 Rd7 38. Ng3 Be5 39. Nh5 Qa2 40. Ng3 Qa5 41. Nh5 Qb5 42. Qc2 Rb7 43. Rd3 Qb4 44. Re3 Qd4 45. Qe2 c4 46. f6 Qxe3+ 0-1

[Event "Charleville Mezieres op 14th"]
[Site "Charleville Mezieres"]
[Date "2017.12.26"]
[Round "4"]
[White "Marini, Franck"]
[Black "Vande Ginste, Michiel"]
[Result "1/2-1/2"]
[WhiteElo "1630"]
[BlackElo "1757"]
[PlyCount "64"]
[EventDate "2017.12.26"]
[EventType "swiss"]
[EventRounds "7"]
[EventCountry "FRA"]
[SourceTitle "CBM 182 Extra"]
[Source "ChessBase"]
[SourceDate "2018.02.23"]
[SourceVersion "1"]
[SourceVersionDate "2018.02.23"]
[SourceQuality "1"]

1. d4 Nf6 2. c4 e6 3. Nc3 Bb4 4. Qc2 Nc6 5. Nf3 d6 6. a3 Bxc3+ 7. Qxc3 0-0 8. g3 Qe7 9. Bg2 e5 10. 0-0 exd4 11. Nxd4 Nxd4 12. Qxd4 Qxe2 13. Bg5 Qe5 14. Bxf6 gxf6 15. Rad1 Qxd4 16. Rxd4 Be6 17. b4 a5 18. b5 Rab8 19. Rfd1 b6 20. Rh4 Kg7 21. Rdd4 Bf5 22. Be4 Bg6 23. f4 Bxe4 24. Rxe4 Rbe8 25. f5 Re5 26. Reg4+ Kh8 27. Rh6 Rg8 28. Rgh4 Rg7 29. Rxf6 Re3 30. Rfh6 f6 31. Rxf6 Rxa3 32. Rf8+ Rg8 1/2-1/2

[Event "Brasschaat op 17th"]
[Site "Brasschaat"]
[Date "2017.08.19"]
[Round "1"]
[White "Van Mechelen, Jan"]
[Black "Vande Ginste, Michiel"]
[Result "1-0"]
[WhiteElo "2247"]
[BlackElo "1706"]
[PlyCount "57"]
[EventDate "2017.08.19"]
[EventType "swiss"]
[EventRounds "9"]
[EventCountry "BEL"]
[SourceTitle "CBM 180 Extra"]
[Source "ChessBase"]
[SourceDate "2017.10.06"]
[SourceVersion "1"]
[SourceVersionDate "2017.10.06"]
[SourceQuality "1"]

1. d4 Nf6 2. Bg5 c5 3. d5 Qb6 4. Nc3 Qxb2 5. Bd2 Qb6 6. e4 e5 7. f4 d6 8. Rb1 Qd8 9. fxe5 dxe5 10. Nf3 Bd6 11. Bb5+ Nbd7 12. a4 a6 13. Bd3 0-0 14. 0-0 Ne8 15. Ne2 Bc7 16. Ng3 Nd6 17. Qe2 Re8 18. Bg5 f6 19. Bd2 Nb6 20. a5 c4 21. axb6 cxd3 22. Qf2 Bb8 23. cxd3 Bd7 24. Ba5 Bb5 25. Qe3 Nc8 26. Nd2 Ba7 27. Nc4 Bxc4 28. dxc4 Bb8 29. c5 1-0